000 00603nam a2200193 i 4500
001 87182
003 ES-MaACL
005 20230906175619.0
007 t|
008 041220s1909 fr |||| | fre d
100 1 _aKraentzel, F.
_968703
245 1 0 _aGéographie de la Belgique et du Congo /
_cF. Kraentzel ; l'abbé P. Mahy.
260 _aBruxelles :
_b[s.n.,
_c1909] (
_fJ. Jaussens)
300 _aX, 246 p. ;
_c22 cm.
651 4 _aBélgica-
_xDescripción.
_9159915
651 4 _aCongo (República Democrática)-
_xDescripción.
_9155242
700 1 _aMahy, P.
_975551
852 _aES-MaACL
_jB-5502
999 _c87182
_d87182